[Event "Deutsche Ländermeisterschaft 2023"]
[Site "Hannover GER"]
[Date "2023.10.01"]
[Round "1"]
[White "von Mettenheim, Johannes"]
[Black "Bock, Marlon"]
[Result "1-0"]
[Termination "normal"]
[Board "4.3"]
[WhiteElo "2323"]
[BlackElo "1984"]
[WhiteClock "00:24:19"]
[BlackClock "00:03:55"]
[WhiteTeam "Niedersachsen"]
[BlackTeam "Thüringen"]
[PlyCount "51"]
[WhiteFideId "16244818"]
[BlackFideId "16244931"]
[EventCountry "GER"]
[EventRounds "7"]
[EventType "team-swiss"]
[EventDate "2023.09.30"]

1. d4 {[%clk 01:30:57]} {[%emt 00:00:03]} d5 {[%clk 01:30:57]} {[%emt
00:00:03]} 2. c4 {[%clk 01:31:24]} {[%emt 00:00:04]} dxc4 {[%clk 01:31:23]}
{[%emt 00:00:04]} 3. Nf3 {[%clk 01:31:26]} {[%emt 00:00:28]} e6 {[%clk
01:31:48]} {[%emt 00:00:05]} 4. e3 {[%clk 01:31:43]} {[%emt 00:00:13]} c5
{[%clk 01:32:13]} {[%emt 00:00:05]} 5. Bxc4 {[%clk 01:32:00]} {[%emt 00:00:13]}
a6 {[%clk 01:32:38]} {[%emt 00:00:05]} 6. O-O {[%clk 01:32:00]} {[%emt
00:00:30]} Nf6 {[%clk 01:33:03]} {[%emt 00:00:05]} 7. Qe2 {[%clk 01:31:15]}
{[%emt 00:01:14]} b5 {[%clk 01:33:19]} {[%emt 00:00:15]} 8. Bd3 {[%clk
01:31:02]} {[%emt 00:00:42]} cxd4 {[%clk 01:32:11]} {[%emt 00:01:38]} 9. a4
{[%clk 01:30:28]} {[%emt 00:01:04]} b4 {[%clk 01:27:29]} {[%emt 00:05:13]} 10.
exd4 {[%clk 01:30:48]} {[%emt 00:00:09]} Be7 {[%clk 01:25:53]} {[%emt
00:02:06]} 11. Nbd2 {[%clk 01:30:54]} {[%emt 00:00:23]} Bb7 {[%clk 01:18:00]}
{[%emt 00:08:24]} 12. Nc4 {[%clk 01:27:34]} {[%emt 00:03:49]} O-O {[%clk
01:15:11]} {[%emt 00:03:20]} 13. a5 {[%clk 01:21:25]} {[%emt 00:06:38]} Nc6
{[%clk 01:06:02]} {[%emt 00:09:40]} 14. Rd1 {[%clk 01:18:39]} {[%emt 00:03:16]}
Nd5 {[%clk 01:02:26]} {[%emt 00:04:06]} 15. Qe4 {[%clk 01:11:18]} {[%emt
00:07:50]} Nf6 {[%clk 01:01:06]} {[%emt 00:01:51]} 16. Qh4 {[%clk 01:10:23]}
{[%emt 00:01:26]} Nb8 {[%clk 00:40:01]} {[%emt 00:21:35]} 17. Nfe5 {[%clk
00:58:00]} {[%emt 00:12:53]} Ne4 {[%clk 00:35:28]} {[%emt 00:05:03]} 18. Qf4
{[%clk 00:51:33]} {[%emt 00:06:57]} f5 {[%clk 00:33:25]} {[%emt 00:02:34]} 19.
Qe3 {[%clk 00:50:26]} {[%emt 00:01:37]} Bg5 {[%clk 00:27:49]} {[%emt 00:06:06]}
20. Qe2 {[%clk 00:46:11]} {[%emt 00:04:45]} Bh4 {[%clk 00:24:22]} {[%emt
00:06:54]} 21. Be3 {[%clk 00:37:47]} {[%emt 00:05:55]} Be7 {[%clk 00:16:44]}
{[%emt 00:08:09]} 22. Nb6 {[%clk 00:31:50]} {[%emt 00:06:28]} Ra7 {[%clk
00:15:01]} {[%emt 00:02:13]} 23. d5 {[%clk 00:29:44]} {[%emt 00:02:37]} exd5
{[%clk 00:06:11]} {[%emt 00:09:20]} 24. Nxd5 {[%clk 00:25:46]} {[%emt
00:04:27]} Nc5 {[%clk 00:05:08]} {[%emt 00:01:32]} 25. Bc4 {[%clk 00:24:33]}
{[%emt 00:01:44]} Kh8 {[%clk 00:03:55]} {[%emt 00:01:43]} 26. Qh5 {[%clk
00:24:19]} {[%emt 00:00:43]} 1-0

[Event "Deutsche Ländermeisterschaft 2023"]
[Site "Hannover GER"]
[Date "2023.10.01"]
[Round "1"]
[White "Aniol, Nico"]
[Black "Nechitaylo, Nikita"]
[Result "0-1"]
[Termination "normal"]
[Board "4.4"]
[WhiteElo "1748"]
[BlackElo "2139"]
[WhiteClock "00:42:04"]
[BlackClock "00:22:01"]
[WhiteTeam "Thüringen"]
[BlackTeam "Niedersachsen"]
[PlyCount "121"]
[WhiteFideId "16287096"]
[BlackFideId "34138161"]
[EventCountry "GER"]
[EventRounds "7"]
[EventType "team-swiss"]
[EventDate "2023.09.30"]

1. e4 {[%clk 01:30:57]} {[%emt 00:00:02]} c5 {[%clk 01:30:55]} {[%emt
00:00:05]} 2. Nf3 {[%clk 01:31:19]} {[%emt 00:00:08]} d6 {[%clk 01:31:20]}
{[%emt 00:00:05]} 3. Bb5+ {[%clk 01:31:40]} {[%emt 00:00:09]} Bd7 {[%clk
01:31:37]} {[%emt 00:00:14]} 4. Bxd7+ {[%clk 01:32:03]} {[%emt 00:00:06]} Qxd7
{[%clk 01:31:59]} {[%emt 00:00:08]} 5. O-O {[%clk 01:32:17]} {[%emt 00:00:16]}
Nc6 {[%clk 01:31:52]} {[%emt 00:00:38]} 6. c3 {[%clk 01:32:19]} {[%emt
00:00:28]} Nf6 {[%clk 01:29:18]} {[%emt 00:03:04]} 7. Re1 {[%clk 01:32:18]}
{[%emt 00:00:31]} g6 {[%clk 01:27:25]} {[%emt 00:02:23]} 8. d4 {[%clk
01:31:51]} {[%emt 00:00:57]} Bg7 {[%clk 01:26:13]} {[%emt 00:01:42]} 9. Bg5
{[%clk 01:28:20]} {[%emt 00:04:01]} h6 {[%clk 01:20:39]} {[%emt 00:06:05]} 10.
Bxf6 {[%clk 01:27:39]} {[%emt 00:01:10]} Bxf6 {[%clk 01:21:08]} {[%emt
00:00:02]} 11. dxc5 {[%clk 01:28:03]} {[%emt 00:00:07]} dxc5 {[%clk 01:21:21]}
{[%emt 00:00:17]} 12. Qxd7+ {[%clk 01:28:28]} {[%emt 00:00:04]} Kxd7 {[%clk
01:21:46]} {[%emt 00:00:05]} 13. Na3 {[%clk 01:27:49]} {[%emt 00:01:08]} Ne5
{[%clk 01:15:39]} {[%emt 00:06:37]} 14. Rad1+ {[%clk 01:27:53]} {[%emt
00:00:26]} Kc6 {[%clk 01:15:28]} {[%emt 00:00:41]} 15. Nxe5+ {[%clk 01:26:53]}
{[%emt 00:01:29]} Bxe5 {[%clk 01:15:57]} {[%emt 00:00:02]} 16. Nc4 {[%clk
01:24:53]} {[%emt 00:02:30]} Bc7 {[%clk 01:15:51]} {[%emt 00:00:36]} 17. g3
{[%clk 01:21:23]} {[%emt 00:03:59]} e6 {[%clk 01:01:58]} {[%emt 00:14:23]} 18.
Rd2 {[%clk 01:14:10]} {[%emt 00:07:42]} b5 {[%clk 00:58:43]} {[%emt 00:03:46]}
19. Ne3 {[%clk 01:14:11]} {[%emt 00:00:29]} h5 {[%clk 00:56:18]} {[%emt
00:02:54]} 20. Red1 {[%clk 01:09:58]} {[%emt 00:04:43]} Rad8 {[%clk 00:53:19]}
{[%emt 00:03:29]} 21. c4 {[%clk 01:04:37]} {[%emt 00:05:51]} Rxd2 {[%clk
00:50:01]} {[%emt 00:03:48]} 22. Rxd2 {[%clk 01:05:02]} {[%emt 00:00:05]} b4
{[%clk 00:43:43]} {[%emt 00:06:47]} 23. b3 {[%clk 01:04:17]} {[%emt 00:01:14]}
a5 {[%clk 00:42:53]} {[%emt 00:01:20]} 24. Kg2 {[%clk 01:02:25]} {[%emt
00:02:21]} a4 {[%clk 00:41:48]} {[%emt 00:01:37]} 25. f4 {[%clk 01:02:40]}
{[%emt 00:00:15]} axb3 {[%clk 00:40:13]} {[%emt 00:02:06]} 26. axb3 {[%clk
01:03:03]} {[%emt 00:00:07]} Ra8 {[%clk 00:40:02]} {[%emt 00:00:40]} 27. e5
{[%clk 01:00:05]} {[%emt 00:03:27]} Bd8 {[%clk 00:36:17]} {[%emt 00:04:15]} 28.
Kf3 {[%clk 00:55:44]} {[%emt 00:04:51]} Be7 {[%clk 00:36:02]} {[%emt 00:00:46]}
29. Ke4 {[%clk 00:54:29]} {[%emt 00:01:45]} Ra3 {[%clk 00:34:45]} {[%emt
00:01:45]} 30. Rb2 {[%clk 00:54:17]} {[%emt 00:00:43]} f5+ {[%clk 00:31:22]}
{[%emt 00:03:54]} 31. Kf3 {[%clk 00:53:11]} {[%emt 00:01:36]} g5 {[%clk
00:27:16]} {[%emt 00:06:27]} 32. Nf1 {[%clk 00:44:17]} {[%emt 00:07:32]} Ra1
{[%clk 00:25:41]} {[%emt 00:02:05]} 33. Kf2 {[%clk 00:31:32]} {[%emt 00:13:15]}
h4 {[%clk 00:19:55]} {[%emt 00:06:16]} 34. Kg2 {[%emt 00:05:37]} Kd7 {[%clk
00:13:02]} {[%emt 00:07:07]} 35. Nd2 {[%clk 00:22:06]} {[%emt 00:05:04]} Ke8
{[%clk 00:02:46]} {[%emt 00:10:47]} 36. Nf3 {[%clk 00:21:38]} {[%emt 00:00:57]}
gxf4 {[%clk 00:00:45]} {[%emt 00:02:32]} 37. gxf4 {[%clk 00:20:53]} {[%emt
00:01:16]} Kf7 {[%clk 00:01:02]} {[%emt 00:00:13]} 38. Kh3 {[%clk 00:20:17]}
{[%emt 00:01:06]} Rf1 {[%clk 00:01:30]} {[%emt 00:00:02]} 39. Kg2 {[%clk
00:20:36]} {[%emt 00:00:11]} Rc1 {[%clk 00:01:54]} {[%emt 00:00:05]} 40. Ng1
{[%clk 00:18:57]} {[%emt 00:02:10]} Kg6 {[%clk 00:00:48]} {[%emt 00:01:36]} 41.
Ne2 {[%clk 00:18:37]} {[%emt 00:00:50]} Rd1 {[%clk 00:00:33]} {[%emt 00:00:46]}
42. h3 {[%clk 00:16:23]} {[%emt 00:02:44]} Bf8 {[%clk 00:29:59]} {[%emt
00:01:04]} 43. Kh2 {[%clk 00:46:42]} {[%emt 00:00:12]} Bh6 {[%clk 00:30:22]}
{[%emt 00:00:07]} 44. Kg2 {[%emt 00:00:15]} Rd3 {[%clk 00:30:17]} {[%emt
00:00:30]} 45. Kh2 {[%clk 00:47:03]} {[%emt 00:00:29]} Re3 {[%clk 00:30:35]}
{[%emt 00:00:11]} 46. Kg2 {[%emt 00:00:39]} Kf7 {[%clk 00:30:06]} {[%emt
00:00:53]} 47. Kh2 {[%clk 00:43:36]} {[%emt 00:03:54]} Re4 {[%clk 00:30:24]}
{[%emt 00:00:11]} 48. Ra2 {[%clk 00:43:54]} {[%emt 00:00:13]} Re3 {[%clk
00:25:51]} {[%emt 00:05:03]} 49. Rb2 {[%clk 00:42:32]} {[%emt 00:01:52]} Kg6
{[%clk 00:26:14]} {[%emt 00:00:08]} 50. Kg2 {[%clk 00:42:54]} {[%emt 00:00:08]}
Kh5 {[%clk 00:26:29]} {[%emt 00:00:13]} 51. Kh2 {[%clk 00:41:55]} {[%emt
00:01:30]} Re4 {[%clk 00:26:18]} {[%emt 00:00:42]} 52. Ra2 {[%clk 00:42:19]}
{[%emt 00:00:06]} Bxf4+ {[%clk 00:25:56]} {[%emt 00:00:51]} 53. Nxf4+ {[%clk
00:42:38]} {[%emt 00:00:12]} Rxf4 {[%clk 00:26:25]} {[%emt 00:00:01]} 54. Ra5
{[%clk 00:42:46]} {[%emt 00:00:21]} Rf2+ {[%clk 00:25:28]} {[%emt 00:01:28]}
55. Kg1 {[%clk 00:43:09]} {[%emt 00:00:08]} Rf3 {[%clk 00:24:11]} {[%emt
00:01:46]} 56. Rxc5 {[%clk 00:42:48]} {[%emt 00:00:50]} Rxh3 {[%clk 00:22:50]}
{[%emt 00:01:51]} 57. Rc6 {[%clk 00:43:06]} {[%emt 00:00:12]} Rxb3 {[%clk
00:23:01]} {[%emt 00:00:20]} 58. Rxe6 {[%clk 00:43:27]} {[%emt 00:00:09]} Rc3
{[%clk 00:23:04]} {[%emt 00:00:26]} 59. Rc6 {[%clk 00:43:09]} {[%emt 00:00:50]}
b3 {[%clk 00:22:00]} {[%emt 00:01:34]} 60. Rb6 {[%clk 00:43:32]} {[%emt
00:00:06]} Kg5 {[%clk 00:22:01]} {[%emt 00:00:28]} 61. c5 {[%clk 00:42:04]}
{[%emt 00:02:01]} *

[Event "Deutsche Ländermeisterschaft 2023"]
[Site "Hannover GER"]
[Date "2023.10.01"]
[Round "1"]
[White "Nizamova, Rita"]
[Black "Reuter, Elisa"]
[Result "1/2-1/2"]
[Termination "normal"]
[Board "4.5"]
[BlackTitle "WCM"]
[WhiteElo "1825"]
[BlackElo "1869"]
[WhiteClock "00:21:48"]
[BlackClock "00:35:16"]
[WhiteTeam "Niedersachsen"]
[BlackTeam "Thüringen"]
[PlyCount "102"]
[WhiteFideId "16221940"]
[BlackFideId "12995444"]
[EventCountry "GER"]
[EventRounds "7"]
[EventType "team-swiss"]
[EventDate "2023.09.30"]

1. e4 {[%clk 01:30:59]} c5 {[%clk 01:30:55]} {[%emt 00:00:04]} 2. Nf3 {[%clk
01:31:25]} {[%emt 00:00:03]} Nc6 {[%clk 01:31:21]} {[%emt 00:00:04]} 3. d4
{[%clk 01:31:51]} {[%emt 00:00:05]} cxd4 {[%clk 01:31:47]} {[%emt 00:00:03]} 4.
Nxd4 {[%clk 01:32:15]} {[%emt 00:00:05]} Nf6 {[%clk 01:32:15]} {[%emt
00:00:03]} 5. Nc3 {[%clk 01:32:30]} {[%emt 00:00:15]} e5 {[%clk 01:32:37]}
{[%emt 00:00:08]} 6. Ndb5 {[%clk 01:32:53]} {[%emt 00:00:07]} d6 {[%clk
01:33:02]} {[%emt 00:00:05]} 7. Be2 {[%clk 01:31:24]} {[%emt 00:01:59]} a6
{[%clk 01:33:05]} {[%emt 00:00:26]} 8. Na3 {[%clk 01:31:53]} {[%emt 00:00:02]}
b5 {[%clk 01:33:17]} {[%emt 00:00:18]} 9. Nd5 {[%clk 01:31:12]} {[%emt
00:01:12]} Be6 {[%clk 01:23:54]} {[%emt 00:09:52]} 10. Bg5 {[%clk 01:10:10]}
{[%emt 00:21:33]} Be7 {[%clk 01:20:09]} {[%emt 00:04:14]} 11. Bxf6 {[%clk
01:08:24]} {[%emt 00:02:17]} Bxf6 {[%clk 01:19:40]} {[%emt 00:00:59]} 12. Nxf6+
{[%clk 01:08:48]} {[%emt 00:00:06]} gxf6 {[%clk 01:19:37]} {[%emt 00:00:33]}
13. Qd2 {[%clk 01:00:10]} {[%emt 00:09:08]} Qc7 {[%clk 01:12:55]} {[%emt
00:07:12]} 14. c3 {[%clk 00:52:04]} {[%emt 00:08:36]} Na5 {[%clk 01:04:33]}
{[%emt 00:08:52]} 15. Qh6 {[%clk 00:48:34]} {[%emt 00:04:00]} Ke7 {[%clk
01:03:28]} {[%emt 00:01:34]} 16. f4 {[%clk 00:46:08]} {[%emt 00:02:57]} Nc4
{[%clk 00:58:48]} {[%emt 00:05:10]} 17. Nxc4 {[%clk 00:44:00]} {[%emt
00:02:38]} Bxc4 {[%clk 00:58:17]} {[%emt 00:01:01]} 18. fxe5 {[%clk 00:41:54]}
{[%emt 00:02:36]} dxe5 {[%clk 00:58:30]} {[%emt 00:00:17]} 19. Rf1 {[%clk
00:35:38]} {[%emt 00:06:46]} Qc6 {[%clk 00:53:31]} {[%emt 00:05:28]} 20. Bxc4
{[%clk 00:35:28]} {[%emt 00:00:40]} bxc4 {[%clk 00:53:40]} {[%emt 00:00:22]}
21. O-O-O {[%clk 00:35:21]} {[%emt 00:00:37]} Rad8 {[%clk 00:47:53]} {[%emt
00:06:16]} 22. Qe3 {[%clk 00:26:18]} {[%emt 00:09:33]} Rxd1+ 23. Rxd1 {[%clk
00:26:36]} Rb8 {[%clk 00:39:50]} {[%emt 00:04:09]} 24. Rd5 {[%clk 00:20:46]}
{[%emt 00:06:21]} Rc8 {[%clk 00:37:00]} {[%emt 00:03:21]} 25. Qh6 {[%clk
00:14:49]} {[%emt 00:06:27]} Qc7 {[%clk 00:31:27]} {[%emt 00:06:03]} 26. Qxh7
{[%clk 00:13:19]} {[%emt 00:02:00]} Qb6 {[%clk 00:29:07]} {[%emt 00:02:50]} 27.
Qh3 {[%clk 00:11:42]} {[%emt 00:02:07]} Rc7 {[%clk 00:28:58]} {[%emt 00:00:38]}
28. Rd2 {[%clk 00:09:42]} {[%emt 00:02:31]} a5 {[%clk 00:24:15]} {[%emt
00:05:13]} 29. Qg3 {[%clk 00:09:29]} {[%emt 00:00:43]} Qc6 {[%clk 00:20:34]}
{[%emt 00:04:11]} 30. Qe3 {[%clk 00:08:51]} {[%emt 00:01:08]} a4 {[%clk
00:19:27]} {[%emt 00:01:37]} 31. h4 {[%clk 00:07:52]} {[%emt 00:01:29]} a3
{[%clk 00:18:30]} {[%emt 00:01:26]} 32. h5 {[%clk 00:06:47]} {[%emt 00:01:36]}
Rb7 {[%clk 00:14:33]} {[%emt 00:04:26]} 33. h6 {[%clk 00:06:00]} {[%emt
00:01:17]} axb2+ {[%clk 00:11:23]} {[%emt 00:03:40]} 34. Kb1 {[%clk 00:06:06]}
{[%emt 00:00:23]} Rb8 {[%clk 00:10:26]} {[%emt 00:01:27]} 35. Qa7+ {[%clk
00:03:16]} {[%emt 00:03:21]} Rb7 {[%clk 00:10:47]} {[%emt 00:00:08]} 36. Qe3
{[%clk 00:03:41]} {[%emt 00:00:05]} Rb8 {[%clk 00:10:48]} {[%emt 00:00:28]} 37.
Rd5 {[%clk 00:03:03]} {[%emt 00:01:10]} Qb6 {[%clk 00:06:34]} {[%emt 00:04:43]}
38. Qxb6 {[%clk 00:02:32]} {[%emt 00:01:01]} Rxb6 {[%clk 00:06:57]} {[%emt
00:00:07]} 39. Rc5 {[%clk 00:02:44]} {[%emt 00:00:18]} Rb8 {[%clk 00:07:17]}
{[%emt 00:00:10]} 40. Rxc4 {[%clk 00:02:21]} {[%emt 00:00:53]} Rh8 {[%clk
00:07:41]} {[%emt 00:00:06]} 41. Rb4 {[%clk 00:01:20]} {[%emt 00:01:31]} Rxh6
{[%clk 00:07:47]} {[%emt 00:00:24]} 42. Rxb2 {[%clk 00:01:05]} {[%emt
00:00:44]} Rh1+ {[%clk 00:06:49]} {[%emt 00:01:28]} 43. Kc2 {[%clk 00:30:20]}
{[%emt 00:01:15]} Re1 {[%clk 00:36:08]} {[%emt 00:01:10]} 44. Kd3 {[%clk
00:30:32]} {[%emt 00:00:17]} Rd1+ {[%clk 00:35:59]} {[%emt 00:00:40]} 45. Rd2
{[%clk 00:29:38]} {[%emt 00:01:25]} Re1 {[%clk 00:35:21]} {[%emt 00:01:08]} 46.
Re2 {[%clk 00:27:47]} {[%emt 00:02:21]} Rd1+ {[%clk 00:35:20]} {[%emt
00:00:31]} 47. Kc4 {[%clk 00:28:04]} {[%emt 00:00:13]} Rc1 {[%clk 00:35:33]}
{[%emt 00:00:17]} 48. Rd2 {[%clk 00:27:28]} {[%emt 00:01:06]} Ke6 {[%clk
00:34:57]} {[%emt 00:01:06]} 49. Rb2 {[%clk 00:25:02]} {[%emt 00:02:55]} Re1
{[%clk 00:34:50]} {[%emt 00:00:38]} 50. Rb6+ {[%clk 00:24:22]} {[%emt
00:01:10]} Ke7 {[%clk 00:35:09]} {[%emt 00:00:11]} 51. Kd3 {[%clk 00:21:48]}
{[%emt 00:03:04]} Rd1+ {[%clk 00:35:16]} {[%emt 00:00:23]} *

[Event "Deutsche Ländermeisterschaft 2023"]
[Site "Hannover GER"]
[Date "2023.10.01"]
[Round "1"]
[White "Junge, Mattheo Gabriel"]
[Black "Tarasenko, Nazar"]
[Result "1-0"]
[Termination "normal"]
[Board "4.6"]
[WhiteElo "1604"]
[BlackElo "1873"]
[WhiteClock "00:14:02"]
[BlackClock "00:35:20"]
[WhiteTeam "Thüringen"]
[BlackTeam "Niedersachsen"]
[PlyCount "71"]
[WhiteFideId "34605908"]
[BlackFideId "34161430"]
[EventCountry "GER"]
[EventRounds "7"]
[EventType "team-swiss"]
[EventDate "2023.09.30"]

1. e4 {[%clk 01:30:52]} {[%emt 00:00:07]} c5 {[%clk 01:30:57]} {[%emt
00:00:04]} 2. Nf3 {[%clk 01:31:07]} {[%emt 00:00:14]} d6 {[%clk 01:31:12]}
{[%emt 00:00:16]} 3. Bb5+ {[%clk 01:31:09]} {[%emt 00:00:28]} Nd7 {[%clk
01:29:18]} {[%emt 00:02:23]} 4. c3 {[%clk 01:30:55]} {[%emt 00:00:43]} Ngf6
{[%clk 01:29:16]} {[%emt 00:00:33]} 5. Qe2 {[%clk 01:31:15]} {[%emt 00:00:10]}
a6 {[%clk 01:28:11]} {[%emt 00:01:33]} 6. Ba4 {[%clk 01:31:34]} {[%emt
00:00:11]} b5 {[%clk 01:28:33]} {[%emt 00:00:10]} 7. Bc2 {[%clk 01:31:59]}
{[%emt 00:00:05]} e5 {[%clk 01:27:37]} {[%emt 00:01:26]} 8. d4 {[%clk
01:28:36]} {[%emt 00:03:53]} cxd4 {[%clk 01:27:15]} {[%emt 00:00:52]} 9. cxd4
{[%clk 01:28:37]} {[%emt 00:00:28]} Bb7 {[%clk 01:27:01]} {[%emt 00:00:44]} 10.
O-O {[%clk 01:28:06]} {[%emt 00:01:01]} Be7 {[%clk 01:26:28]} {[%emt 00:01:02]}
11. Nc3 {[%clk 01:13:35]} {[%emt 00:15:01]} O-O {[%clk 01:24:49]} {[%emt
00:02:11]} 12. Rd1 {[%clk 00:54:40]} {[%emt 00:19:24]} Qc7 {[%clk 01:19:46]}
{[%emt 00:05:33]} 13. Bg5 {[%clk 00:53:01]} {[%emt 00:02:09]} b4 {[%clk
01:18:07]} {[%emt 00:02:10]} 14. Nd5 {[%clk 00:47:21]} {[%emt 00:06:09]} Nxd5
{[%clk 01:15:18]} {[%emt 00:03:20]} 15. exd5 {[%clk 00:47:37]} {[%emt
00:00:13]} f6 {[%clk 01:15:32]} {[%emt 00:00:16]} 16. Rac1 {[%clk 00:45:12]}
{[%emt 00:02:54]} Qd8 {[%clk 01:13:14]} {[%emt 00:02:48]} 17. Bh4 {[%clk
00:43:27]} {[%emt 00:02:15]} Bxd5 {[%clk 01:12:00]} {[%emt 00:01:44]} 18. dxe5
{[%clk 00:41:48]} {[%emt 00:02:09]} Bxf3 {[%clk 01:12:24]} {[%emt 00:00:05]}
19. Qxf3 {[%clk 00:41:25]} {[%emt 00:00:52]} Nxe5 {[%clk 01:11:56]} {[%emt
00:01:00]} 20. Qh3 {[%clk 00:35:51]} {[%emt 00:06:02]} g6 {[%clk 01:07:15]}
{[%emt 00:05:12]} 21. f4 {[%clk 00:30:05]} {[%emt 00:06:13]} Nf7 {[%clk
01:06:55]} {[%emt 00:00:53]} 22. Re1 {[%clk 00:27:52]} {[%emt 00:02:42]} Ra7
{[%clk 01:05:02]} {[%emt 00:02:25]} 23. Bf2 {[%clk 00:26:51]} {[%emt 00:01:29]}
Rb7 {[%clk 01:05:06]} {[%emt 00:00:26]} 24. Bd4 {[%clk 00:25:56]} {[%emt
00:01:23]} d5 {[%clk 00:57:41]} {[%emt 00:08:00]} 25. Qg3 {[%clk 00:25:08]}
{[%emt 00:01:16]} Kg7 {[%clk 00:56:35]} {[%emt 00:01:36]} 26. h4 {[%clk
00:23:55]} {[%emt 00:01:43]} Nh8 {[%clk 00:51:26]} {[%emt 00:07:26]} 27. Re6
{[%clk 00:18:45]} {[%emt 00:03:53]} Kf7 {[%clk 00:50:08]} {[%emt 00:01:49]} 28.
Rce1 {[%clk 00:18:04]} {[%emt 00:01:10]} Qd7 {[%clk 00:47:33]} {[%emt
00:03:06]} 29. Bb3 {[%clk 00:16:24]} {[%emt 00:02:10]} Qd8 {[%clk 00:38:32]}
{[%emt 00:09:31]} 30. Qf3 {[%clk 00:15:25]} {[%emt 00:01:29]} Kg7 {[%clk
00:37:15]} {[%emt 00:01:48]} 31. Bxd5 {[%clk 00:14:43]} {[%emt 00:01:11]} Rd7
{[%clk 00:37:36]} {[%emt 00:00:08]} 32. Bb6 {[%clk 00:14:53]} {[%emt 00:00:21]}
Qe8 {[%clk 00:36:17]} {[%emt 00:01:50]} 33. Bc6 {[%clk 00:15:05]} {[%emt
00:00:18]} Rf7 {[%clk 00:36:26]} {[%emt 00:00:20]} 34. Qe3 {[%clk 00:14:11]}
{[%emt 00:01:24]} Kf8 {[%clk 00:35:01]} {[%emt 00:01:55]} 35. Bxd7 {[%clk
00:13:59]} {[%emt 00:00:42]} Qxd7 {[%clk 00:35:20]} {[%emt 00:00:12]} 36. Rxe7
{[%clk 00:14:02]} {[%emt 00:00:27]} 1-0